Mercosul : direitos humanos, globalização e soberania /

Αποθηκεύτηκε σε:
Λεπτομέρειες βιβλιογραφικής εγγραφής
Κύριος συγγραφέας: Soares, Mário Lúcio Quintão (autor)
Μορφή: Βιβλίο
Γλώσσα:Πορτογαλικά
Έκδοση: Belo Horizonte, Brasil : Del Rey, 1999, c1999
Έκδοση:2a edición
Θέματα:
Ετικέτες: Προσθήκη ετικέτας
Δεν υπάρχουν, Καταχωρήστε ετικέτα πρώτοι!

MARC

LEADER 00000nam^a2200000^a^4500
001 000165173
005 20250521000000.0
009 20260310101008.114
020 |a 85-7308-291-7 
037 |a Acervo ITESO - Biblioteca 
041 |a POR 
082 |a 341. 21  |b SOR 
100 |a Soares, Mário Lúcio Quintão  |e (autor) 
245 1 0 |a Mercosul :  |b direitos humanos, globalização e soberania /  |c M.L. Qintão Soares. 
250 |a 2a edición  |b revisada y aumentada 
264 4 |a Belo Horizonte, Brasil :  |b Del Rey,  |c 1999, c1999 
300 |a 224 p. 
336 |a texto  |b txt  |2 rdacontenido 
337 |a sin mediación  |b n  |2 rdamedio 
338 |a volumen  |b nc  |2 rdasoporte 
649 |a XX 
650 |a Autodeterminación Nacional -  |z Latinoamérica 
650 |a Soberanía -  |z Latinoamérica 
650 |a MERCOSUR 
650 |a Apertura Comercial e Integración Económica -  |z América 
650 |a Tratados Comerciales Internacionales -  |z Latinaomérica-Europa 
650 |a Tratados Internacionales -  |z Latinaomérica-Europa 
650 |a Comercio Internacional -  |z Europa-Latinoamérica 
650 |a Relaciones Internacionales -  |z Latinoamérica-Europa 
650 |a Neoliberalismo 
650 |a Globalización 
650 |a Derechos Humanos -  |z Europa 
650 |a Derecho Comunitario 
650 |a Derecho Internacional Público 
910 |a Fondo General 
920 |a Impresos - Libros 
930 |a Colección General 
905 |a 101 
901 |a 0500099531  |b IT1  |c ACC  |u 20250521 
902 |a https://opac.biblio.iteso.mx/vufind/Record/000165173